000 00604nam a22002057a 4500
003 OSt
005 20260505171153.0
008 260505b |||||||| |||| 00| 0 eng d
020 _a9789719820055
040 _cHS LRC
050 _aDS 675.8 .R62
_b.C591 2024
100 _aCruz, Geoffrey Rhoel C.
_947862
245 _aThe life and works of Rizal /
_cGeoffrey Rhoel C. Cruz
260 _aQuezon City :
_bC&E Publishing,
_cc2024.
300 _axii, 276 p. :
_bcol. ill. ;
_c23 cm.
365 _b475.00
504 _aincludes indexes.
650 _aRizal
_xLife and works.
_9131690
942 _2lcc
_cBK
999 _c94107
_d94107